000 00579nam a2200241Ia 4500
005 20250425162551.0
008 250425s9999 xx 000 0 und d
020 _a8423703878
041 _aspa
043 _asp
082 _a621.319
100 _aHEINHOLD, LOTHAR
245 0 _aCABLES Y CONDUCTORES PARA TRANSPORTE DE ENERGÍA
250 _a2A ED.
260 _aEspaña
_bDOSSAT
_c1973
260 _aMADRID
300 _a651
650 _aCABLES FLEXIBLES
650 _aENERGIA ELECTRICA
650 _aLOCALIZACION DE AVERIAS
942 _c01
010 _a86120
999 _c231898
_d231898